Managing it as a business: a survival guide for CEOs
محفوظ في:
| المؤلف الرئيسي: | |
|---|---|
| التنسيق: | كتاب |
| اللغة: | الإنجليزية |
| منشور في: |
Hoboken
John Wiley and Sons
2004
|
| الموضوعات: | |
| الوسوم: |
إضافة وسم
لا توجد وسوم, كن أول من يضع وسما على هذه التسجيلة!
|
MARC
| LEADER | 00000nam a2200000 a 4500 | ||
|---|---|---|---|
| 001 | UCI2603 | ||
| 003 | CL-VaPUC | ||
| 008 | 070831e20040000us |||||||||||||||||eng|d | ||
| 020 | |a 0471471046 | ||
| 082 | 0 | 4 | |a 004.068 |b LUT |2 21 |
| 100 | |a Lutchen, Mark D. |e autor |9 523654 | ||
| 245 | 1 | 0 | |a Managing it as a business: a survival guide for CEOs |
| 300 | |a 242 p | ||
| 942 | |c BK | ||
| 945 | |d 20070831 00:00:00 |a rbrito | ||
| 260 | |a Hoboken |b John Wiley and Sons |c 2004 | ||
| 650 | 7 | |a INFORMACION TECNOLOGICA |2 CL-VaPUC |9 523655 | |
| 650 | 7 | |a POLITICA DE INFORMACION |2 CL-VaPUC |9 522314 | |
| 650 | 0 | |a Empresas |9 255569 | |
| 650 | 7 | |a SERVICIOS DE INFORMACION Y DOCUMENTACION |2 CL-VaPUC |9 375902 | |
| 650 | 0 | |a Información |9 256927 | |
| 583 | |a last modification |c 20171116 02:10:04 |k Rodrigo Vera | ||
| 999 | |c 327092 |d 327090 | ||
| 952 | |0 0 |1 0 |4 0 |6 004_068000000000000_LUT_2004 |7 0 |8 A |9 409524 |a BIBING |b BIBING |d 2019-11-22 |i 4368584 |o 004.068 LUT 2004 |p 4368584 |r 2024-01-25 |w 2019-11-22 |y BK |k EII | ||